00366nam a22000977a 4500040000800000082002700008100007000035245011100105260002600216300002600242 cRUA aDVM DAV 2025 B707 Or.1 aDAVY SOKBORMEY, ដាវី សុខ​​​​​បរមី aCase of tick fever disease in canine at animal clinic in sangkat boeng tumpun, khan mean chey , phnom penh aPHNOM PENHbRUAc2025 axii,56p.bill.c29cm.